Normal view
MARC view
Entry Personal Name
001 - CONTROL NUMBER
- control field: 61267
003 - CONTROL NUMBER IDENTIFIER
- control field: dpl
005 - DATE AND TIME OF LATEST TRANSACTION
- control field: 20240124152344.0
008 - FIXED-LENGTH DATA ELEMENTS
- fixed length control field: 240124|| aca||aabn | a|a d
040 ## - CATALOGING SOURCE
- Original cataloging agency: dpl
- Transcribing agency: dpl
100 ## - HEADING--PERSONAL NAME
- Personal name: Rai, Himanshu
670 ## - SOURCE DATA FOUND
- Source citation: Work cat.: (dpl)200366: Mcshane, Steven L. 61266, Organizational Behaviour:, 2022
